00406aam a2200169 450000500170000000800410001704100080005808200160006610000270008224500420010925000100015126000130016126000120017426000090018630000180019565000230021320170214105644.0150804b xxu||||| |||| 00| 0 spa d aeng a1.3.4 T689a aTorre, Francisco de la aAgencias de viajes y transportación a3 ed. aMéxico bTrillas c1988 a236 páginas aAGENCIAS DE VIAJES